Examples of the use of terrestriaal photogrammetry in highway engineering (Record no. 547404)
[ view plain ]
| 000 -LEADER | |
|---|---|
| fixed length control field | 00315nam a22001097a 4500 |
| 082 ## - DEWEY DECIMAL CLASSIFICATION NUMBER | |
| Classification number | 625.7 |
| Author Mark | HEA |
| -- | D |
| 100 ## - MAIN ENTRY--PERSONAL NAME | |
| Personal name | Dowling J W F |
| 9 (RLIN) | 43605 |
| 245 ## - TITLE STATEMENT | |
| Title | Examples of the use of terrestriaal photogrammetry in highway engineering |
| 300 ## - PHYSICAL DESCRIPTION | |
| Extent | 7P.: |
| Other physical details | ill.; |
| 526 ## - STUDY PROGRAM INFORMATION NOTE | |
| Program name | 0 |
| Interest level | 0 |
| Reading level | 0 |
| Title point value | 625_700000000000000_HEA |
| 942 ## - ADDED ENTRY ELEMENTS (KOHA) | |
| Source of classification or shelving scheme | |
| Koha item type | Book |
| Withdrawn status | Lost status | Source of classification or shelving scheme | Damaged status | Not for loan | Permanent Location | Current Location | Date acquired | Total Checkouts | Full call number | Barcode | Date last seen | Price effective from | Koha item type |
|---|---|---|---|---|---|---|---|---|---|---|---|---|---|
| Military College of Engineering (MCE) | Military College of Engineering (MCE) | 07/14/2014 | 625.7 HEA | MCE-42464 | 07/14/2014 | 07/14/2014 | Book |
